000 00507nam a2200193 a 4500
001 1774863791644
003 YourLibrary
005 20260330151550.0
008 260330s2008##################000#0#eng##
020 _a9780521882699
082 0 4 _a355.00937
_bPHA
100 1 _aPhang, Sara Elise,
_eauthor.
245 1 0 _aRoman Military Service :
260 _bCambridge University Press,
_c2008.
300 _a353 pages
650 0 _aHistory.
942 _cENGLISH
040 _aYourLibrary
_beng
_cYourLibrary
999 _c618218
_d618218